[Event "Titled Tuesday intern op 28th Jan Early"]
[Site "Chess.com INT"]
[Date "2025.01.28"]
[Round "8"]
[White "Aaradhya, Das"]
[Black "Georg, Heinz"]
[Result "1-0"]
[WhiteElo "1776"]
[BlackElo "2050"]
[PlyCount "51"]
[EventDate "2025.01.28"]
[EventType "swiss (blitz)"]
[EventRounds "11"]
[EventCountry "USA"]
[SourceTitle "CB06_2025"]
[SourceDate "2025.02.05"]
[SourceVersion "1"]
[SourceVersionDate "2025.02.05"]
[SourceQuality "1"]

1. d4 f5 2. Nf3 Nf6 3. Bg5 e6 4. Bxf6 Qxf6 5. e3 b6 6. Nbd2 Bb7 7. c3 d5 8. Ne5 Bd6 9. f4 Bxe5 10. dxe5 Qe7 11. Nf3 c5 12. Be2 0-0 13. 0-0 a6 14. Ng5 h6 15. Nf3 Nc6 16. Qe1 g5 17. Qg3 g4 18. h3 h5 19. Ng5 Rae8 20. Kf2 d4 21. exd4 cxd4 22. hxg4 fxg4 23. Ke1 dxc3 24. bxc3 Qc5 25. Qd3 Nxe5 26. Qh7# 1-0

[Event "Titled Tuesday intern op 28th Jan Early"]
[Site "Chess.com INT"]
[Date "2025.01.28"]
[Round "1"]
[White "Petukhov, Alan"]
[Black "Georg, Heinz"]
[Result "1-0"]
[WhiteElo "2325"]
[BlackElo "2050"]
[PlyCount "69"]
[EventDate "2025.01.28"]
[EventType "swiss (blitz)"]
[EventRounds "11"]
[EventCountry "USA"]
[SourceTitle "CB06_2025"]
[SourceDate "2025.02.05"]
[SourceVersion "1"]
[SourceVersionDate "2025.02.05"]
[SourceQuality "1"]

1. Nf3 f5 2. c4 Nf6 3. b3 g6 4. Bb2 Bg7 5. g3 0-0 6. Bg2 d6 7. 0-0 e5 8. Nc3 Nc6 9. d3 h6 10. a3 Be6 11. b4 a6 12. Rc1 g5 13. b5 axb5 14. Nxb5 Qe7 15. d4 e4 16. d5 exf3 17. Bxf3 Ne5 18. dxe6 Nxf3+ 19. exf3 Rad8 20. Re1 c6 21. Nd4 Ne8 22. Qd3 c5 23. Nxf5 Rxf5 24. Qxf5 Bxb2 25. Rb1 Bg7 26. f4 gxf4 27. Qxf4 Nf6 28. Rb6 d5 29. Qf3 Ne4 30. cxd5 Ng5 31. Qg2 Rd6 32. Rxd6 Qxd6 33. e7 Bd4 34. e8Q+ Kg7 35. Qe7+ 1-0

[Event "Titled Tuesday intern op 28th Jan Early"]
[Site "Chess.com INT"]
[Date "2025.01.28"]
[Round "5"]
[White "Siekanska, Zuzanna"]
[Black "Georg, Heinz"]
[Result "1-0"]
[WhiteElo "1864"]
[BlackElo "2050"]
[PlyCount "73"]
[EventDate "2025.01.28"]
[EventType "swiss (blitz)"]
[EventRounds "11"]
[EventCountry "USA"]
[SourceTitle "CB06_2025"]
[SourceDate "2025.02.05"]
[SourceVersion "1"]
[SourceVersionDate "2025.02.05"]
[SourceQuality "1"]

1. d4 f5 2. c4 Nf6 3. Nc3 d6 4. Nf3 g6 5. Bf4 Bg7 6. e3 0-0 7. c5 Nh5 8. Bc4+ e6 9. cxd6 Nxf4 10. exf4 Qxd6 11. 0-0 Qxf4 12. Re1 Re8 13. Qb3 Qd6 14. Nb5 Qd7 15. Ng5 Kh8 16. Bxe6 Rxe6 17. Nxe6 Na6 18. d5 Bf6 19. Rad1 b6 20. Qh3 Bb7 21. Nc3 Re8 22. Nf4 Kg8 23. Qd3 Nc5 24. Qc4 Kh8 25. Rxe8+ Qxe8 26. h3 a6 27. Nce2 Qe5 28. Ng3 Ne4 29. Nxe4 fxe4 30. Ne2 b5 31. Qc5 Kg7 32. Qa7 Bxd5 33. Nc3 Be6 34. Qxa6 Qf5 35. Qxb5 Be5 36. Qe2 c6 37. Qe3 1-0

[Event "Titled Tuesday intern op 26th Nov Late"]
[Site "Chess.com INT"]
[Date "2024.11.26"]
[Round "6"]
[White "Georg, Heinz"]
[Black "Baches Garcia, Guillermo"]
[Result "0-1"]
[WhiteElo "2050"]
[BlackElo "2322"]
[PlyCount "46"]
[EventDate "2024.11.26"]
[EventType "swiss (blitz)"]
[EventRounds "11"]
[EventCountry "USA"]
[SourceTitle "CB49_2024"]
[SourceDate "2024.12.04"]
[SourceVersion "1"]
[SourceVersionDate "2024.12.04"]
[SourceQuality "1"]

1. b4 d5 2. Bb2 Bf5 3. e3 e6 4. c4 Nf6 5. Nf3 c6 6. a3 h6 7. Nc3 Nbd7 8. Be2 Bd6 9. d4 0-0 10. 0-0 Qe7 11. Rc1 Rfe8 12. Qb3 Bg4 13. h3 Bh5 14. b5 dxc4 15. Bxc4 Bxf3 16. gxf3 c5 17. Ne2 Rac8 18. f4 Ne4 19. Rfd1 Qh4 20. Rf1 Qxh3 21. Qd3 Ndf6 22. f3 Ng3 23. Rf2 Qh1# 0-1

[Event "Titled Tuesday intern op 26th Nov Late"]
[Site "Chess.com INT"]
[Date "2024.11.26"]
[Round "10"]
[White "Georg, Heinz"]
[Black "Kalyani, Sirin"]
[Result "1-0"]
[WhiteElo "2050"]
[BlackElo "2133"]
[PlyCount "37"]
[EventDate "2024.11.26"]
[EventType "swiss (blitz)"]
[EventRounds "11"]
[EventCountry "USA"]
[SourceTitle "CB49_2024"]
[SourceDate "2024.12.04"]
[SourceVersion "1"]
[SourceVersionDate "2024.12.04"]
[SourceQuality "1"]

1. b4 e5 2. Bb2 Nf6 3. Bxe5 Nc6 4. Bb2 Bxb4 5. Nf3 d5 6. e3 0-0 7. c4 Re8 8. Be2 Bf5 9. cxd5 Nxd5 10. a3 Ba5 11. 0-0 Qd6 12. Qa4 Re4 13. d4 Rg4 14. Rc1 Bb6 15. Nbd2 Qg6 16. Bf1 Bd3 17. Rxc6 bxc6 18. Ne5 Bc2 19. Qc4 1-0

[Event "Titled Tuesday intern op 24th Sep Late"]
[Site "Chess.com INT"]
[Date "2024.09.24"]
[Round "8"]
[White "Georg, Heinz"]
[Black "Ferreira, Vitor Hugo Vieira"]
[Result "1-0"]
[WhiteElo "2050"]
[BlackElo "2128"]
[PlyCount "77"]
[EventDate "2024.09.24"]
[EventType "swiss (blitz)"]
[EventRounds "11"]
[EventCountry "USA"]
[SourceTitle "EXT 2025"]
[Source "ChessBase"]
[SourceDate "2024.10.14"]
[SourceVersion "1"]
[SourceVersionDate "2024.10.14"]
[SourceQuality "1"]

1. b4 e5 2. Bb2 Bxb4 3. Bxe5 Nf6 4. Nf3 0-0 5. e3 Re8 6. c4 d5 7. Be2 Nc6 8. Bb2 dxc4 9. Bxc4 Bg4 10. 0-0 Na5 11. Be2 Bd6 12. Qa4 c5 13. Bxf6 Qxf6 14. Nc3 Nc6 15. Qxg4 Ne5 16. Nxe5 Qxe5 17. f4 Qe7 18. Rab1 a6 19. a4 Rad8 20. Bf3 Rb8 21. Nd5 Qd8 22. d3 b5 23. axb5 axb5 24. e4 c4 25. dxc4 bxc4 26. Rxb8 Bxb8 27. h3 Kh8 28. Kh1 Qa5 29. Qh5 Rf8 30. f5 f6 31. Ne7 Qc7 32. Ng6+ Kg8 33. e5 hxg6 34. Bd5+ Rf7 35. fxg6 Qxe5 36. gxf7+ Kf8 37. Qh8+ Ke7 38. f8Q+ Kd7 39. Qd8# 1-0

[Event "Titled Tuesday intern op 24th Sep Early"]
[Site "Chess.com INT"]
[Date "2024.09.24"]
[Round "5"]
[White "Georg, Heinz"]
[Black "Krivenko, Dion"]
[Result "1-0"]
[WhiteElo "2050"]
[BlackElo "2244"]
[PlyCount "73"]
[EventDate "2024.09.24"]
[EventType "swiss (blitz)"]
[EventRounds "11"]
[EventCountry "USA"]
[SourceTitle "EXT 2025"]
[Source "ChessBase"]
[SourceDate "2024.10.14"]
[SourceVersion "1"]
[SourceVersionDate "2024.10.14"]
[SourceQuality "1"]

1. e4 g6 2. d4 c5 3. dxc5 Bg7 4. c3 Na6 5. Be3 Qc7 6. Bxa6 bxa6 7. Nd2 Rb8 8. Nb3 a5 9. Bd4 e5 10. Be3 a4 11. Nd2 Nf6 12. Ne2 0-0 13. h3 Ba6 14. 0-0 Rxb2 15. Re1 Qa5 16. Qc1 Rfb8 17. Nb3 R8xb3 18. axb3 Rxe2 19. Rxa4 Rxe1+ 20. Qxe1 Qb5 21. c4 Qc6 22. Qa5 Bb7 23. Qd8+ Bf8 24. Bh6 Qxc5 25. Bxf8 Qxf8 26. Qxf6 Qc5 27. Qd8+ Kg7 28. Qxd7 Bxe4 29. Rxa7 Qf8 30. Qe7 Qxe7 31. Rxe7 Kf6 32. Rc7 Ke6 33. b4 h5 34. b5 f5 35. b6 Kd6 36. Rg7 f4 37. b7 1-0

[Event "Titled Tuesday intern op 24th Sep Late"]
[Site "Chess.com INT"]
[Date "2024.09.24"]
[Round "9"]
[White "Przybylski, Wojciech"]
[Black "Georg, Heinz"]
[Result "1-0"]
[WhiteElo "2308"]
[BlackElo "2050"]
[PlyCount "65"]
[EventDate "2024.09.24"]
[EventType "swiss (blitz)"]
[EventRounds "11"]
[EventCountry "USA"]
[SourceTitle "EXT 2025"]
[Source "ChessBase"]
[SourceDate "2024.10.14"]
[SourceVersion "1"]
[SourceVersionDate "2024.10.14"]
[SourceQuality "1"]

1. d4 e6 2. e4 a6 3. Bd3 b5 4. a4 b4 5. Nf3 Bb7 6. 0-0 Nf6 7. Re1 Be7 8. c3 c5 9. e5 Nd5 10. Qc2 bxc3 11. bxc3 cxd4 12. Nxd4 h6 13. Na3 Nc6 14. Be4 Nxd4 15. cxd4 Nb4 16. Qe2 Bxe4 17. Qxe4 Rc8 18. Bd2 Nd5 19. Qd3 Qb6 20. a5 Qa7 21. Nc4 0-0 22. Rab1 Rc6 23. h3 Rfc8 24. Ne3 Nxe3 25. Bxe3 Qc7 26. d5 Rc3 27. Qxa6 exd5 28. Rb7 Qc6 29. Qxc6 R8xc6 30. Rxd7 Rc7 31. Rxc7 Rxc7 32. a6 Bc5 33. Rc1 1-0

[Event "Titled Tuesday intern op 17th Sep Late"]
[Site "Chess,com INT"]
[Date "2024.09.17"]
[Round "5"]
[White "Moses, Neil"]
[Black "Georg, Heinz"]
[Result "1-0"]
[WhiteElo "2123"]
[BlackElo "2050"]
[PlyCount "47"]
[EventDate "2024.09.17"]
[EventType "swiss (blitz)"]
[EventRounds "11"]
[EventCountry "USA"]
[SourceTitle "EXT 2025"]
[Source "ChessBase"]
[SourceDate "2024.10.14"]
[SourceVersion "1"]
[SourceVersionDate "2024.10.14"]
[SourceQuality "1"]

1. e4 e6 2. d4 a6 3. Nf3 b5 4. c4 bxc4 5. Bxc4 Bb7 6. Nc3 d5 7. exd5 exd5 8. Bd3 Bd6 9. 0-0 Ne7 10. Ne5 Nd7 11. Re1 Nf6 12. Bg5 Nd7 13. Qh5 Nxe5 14. dxe5 Bc5 15. e6 g6 16. exf7+ Kxf7 17. Qf3+ Kg8 18. Qf6 Qf8 19. Qe6+ Qf7 20. Bxe7 Qxe6 21. Rxe6 Kf7 22. Rae1 Bc8 23. R6e2 Bg4 24. Bxc5 1-0

[Event "Titled Tuesday intern op 23rd Jul Early"]
[Site "Chess.com INT"]
[Date "2024.07.23"]
[Round "2"]
[White "Georg, Heinz"]
[Black "Baradaran Tamadon, Arian"]
[Result "1-0"]
[WhiteElo "2050"]
[BlackElo "2304"]
[PlyCount "49"]
[EventDate "2024.07.23"]
[EventType "swiss (blitz)"]
[EventRounds "11"]
[EventCountry "USA"]
[SourceTitle "EXT 2025"]
[Source "ChessBase"]
[SourceDate "2024.10.14"]
[SourceVersion "1"]
[SourceVersionDate "2024.10.14"]
[SourceQuality "1"]

1. e4 d5 2. exd5 Qxd5 3. c4 Qd8 4. d4 Nf6 5. Nc3 c5 6. d5 e6 7. Nf3 exd5 8. cxd5 Bd6 9. Bb5+ Bd7 10. Qe2+ Kf8 11. 0-0 a6 12. Bd3 Bg4 13. h3 Bh5 14. Bg5 Nbd7 15. Ne4 Be5 16. g4 Bg6 17. Nxc5 Nxc5 18. Nxe5 Qxd5 19. Rad1 Nxd3 20. Bxf6 Nf4 21. Nxg6+ hxg6 22. Qe7+ Kg8 23. Rxd5 Nxd5 24. Qxb7 Nxf6 25. Qxa8+ 1-0

[Event "Titled Tuesday intern op 23rd Jul Early"]
[Site "Chess.com INT"]
[Date "2024.07.23"]
[Round "11"]
[White "Georg, Heinz"]
[Black "Dias, Simao Poscidonio"]
[Result "0-1"]
[WhiteElo "2050"]
[BlackElo "2102"]
[PlyCount "74"]
[EventDate "2024.07.23"]
[EventType "swiss (blitz)"]
[EventRounds "11"]
[EventCountry "USA"]
[SourceTitle "EXT 2025"]
[Source "ChessBase"]
[SourceDate "2024.10.14"]
[SourceVersion "1"]
[SourceVersionDate "2024.10.14"]
[SourceQuality "1"]

1. e4 c5 2. Nf3 g6 3. d4 cxd4 4. Qxd4 Nf6 5. e5 Nc6 6. Qf4 Nd5 7. Qe4 Ndb4 8. Na3 d5 9. exd6 Qxd6 10. Bf4 Qc5 11. Be3 Qf5 12. Qxf5 Bxf5 13. c3 Nd5 14. Bc4 Nxe3 15. fxe3 0-0-0 16. Ke2 Bh6 17. Nd4 Bg4+ 18. Kf2 Ne5 19. h3 Bd7 20. Be2 a6 21. Rad1 f5 22. Nf3 Nxf3 23. gxf3 Bc6 24. Nc4 Bg7 25. Na5 Ba4 26. b3 Bd7 27. Nc4 Kc7 28. Rd3 b5 29. Nb2 Bc6 30. Rhd1 e5 31. c4 Rxd3 32. Nxd3 bxc4 33. bxc4 Rb8 34. Rd2 Rd8 35. Rb2 e4 36. Nc5 Bxb2 37. Ne6+ Kc8 0-1

[Event "Titled Tuesday intern op 23rd Jul Early"]
[Site "Chess.com INT"]
[Date "2024.07.23"]
[Round "7"]
[White "Hernandez Amura, Gilberto"]
[Black "Georg, Heinz"]
[Result "1-0"]
[WhiteElo "2198"]
[BlackElo "2050"]
[PlyCount "117"]
[EventDate "2024.07.23"]
[EventType "swiss (blitz)"]
[EventRounds "11"]
[EventCountry "USA"]
[SourceTitle "EXT 2025"]
[Source "ChessBase"]
[SourceDate "2024.10.14"]
[SourceVersion "1"]
[SourceVersionDate "2024.10.14"]
[SourceQuality "1"]

1. Nf3 f5 2. d4 Nf6 3. Bg5 e6 4. Nbd2 d5 5. g3 Be7 6. Bg2 0-0 7. 0-0 h6 8. Bf4 Bd6 9. Bxd6 Qxd6 10. Ne5 Nbd7 11. Nd3 b6 12. c4 c6 13. Rc1 Ne4 14. e3 Ba6 15. b3 Nxd2 16. Qxd2 dxc4 17. bxc4 e5 18. c5 bxc5 19. Nxc5 Bxf1 20. Nxd7 Bxg2 21. Nxf8 Bd5 22. dxe5 Qxf8 23. f4 Rb8 24. g4 fxg4 25. Qc2 Qb4 26. Kf2 Qb2 27. Kg3 Qxc2 28. Rxc2 h5 29. Kh4 g6 30. Kg5 Kf7 31. Rd2 Rb4 32. Re2 Re4 33. Rb2 c5 34. Rb5 Rc4 35. Ra5 Bc6 36. Rxa7+ Ke6 37. Kxg6 Be4+ 38. Kg7 Bf5 39. Ra6+ Kd5 40. Kf6 Ke4 41. Ra3 Rb4 42. Kg5 Rb6 43. Kxh5 c4 44. Rc3 Rc6 45. Kg5 Rc5 46. a4 Rc6 47. a5 Rg6+ 48. Kh5 g3 49. hxg3 Kf3 50. e4+ Kxe4 51. Rxc4+ Kf3 52. Rc3+ Ke4 53. Ra3 Rg7 54. a6 Rh7+ 55. Kg5 Rg7+ 56. Kf6 Rg6+ 57. Kf7 Rh6 58. a7 Rh7+ 59. Kg8 1-0

[Event "Titled Tuesday intern op 02nd Jul Early"]
[Site "Chess.com INT"]
[Date "2024.07.02"]
[Round "8"]
[White "Dominguez Rincon, Miller Duvan"]
[Black "Georg, Heinz"]
[Result "1-0"]
[WhiteElo "1999"]
[BlackElo "2050"]
[PlyCount "69"]
[EventDate "2024.07.02"]
[EventType "swiss (blitz)"]
[EventRounds "11"]
[EventCountry "USA"]
[SourceTitle "EXT 2025"]
[Source "ChessBase"]
[SourceDate "2024.10.14"]
[SourceVersion "1"]
[SourceVersionDate "2024.10.14"]
[SourceQuality "1"]

1. e4 e5 2. Nf3 Nc6 3. Nc3 Nf6 4. Bb5 Nd4 5. Bc4 c6 6. Nxe5 d5 7. exd5 Bd6 8. Nf3 Bg4 9. d3 Qe7+ 10. Be3 0-0 11. h3 Bxf3 12. gxf3 b5 13. Bb3 b4 14. Ne4 Nxb3 15. axb3 cxd5 16. Nxd6 Qxd6 17. d4 Rfe8 18. Qd3 Nh5 19. 0-0-0 Nf4 20. Qf5 Ne6 21. Rhg1 a5 22. Qe5 Qd7 23. f4 Kh8 24. f5 f6 25. fxe6 Rxe6 26. Qg3 a4 27. bxa4 Rxa4 28. Kd2 b3 29. c3 Ra2 30. Qb8+ Re8 31. Qxb3 Qa7 32. Rb1 Rb8 33. Qc2 Qa6 34. Bf4 Rb7 35. Qf5 1-0

[Event "Titled Tuesday intern op 25th Jun Early"]
[Site "Chess.com INT"]
[Date "2024.06.25"]
[Round "8"]
[White "Arias Gaviria, Mario Alexis"]
[Black "Georg, Heinz"]
[Result "0-1"]
[WhiteElo "2259"]
[BlackElo "2050"]
[PlyCount "42"]
[EventDate "2024.06.25"]
[EventType "swiss (blitz)"]
[EventRounds "11"]
[EventCountry "USA"]
[SourceTitle "EXT 2025"]
[Source "ChessBase"]
[SourceDate "2024.10.14"]
[SourceVersion "1"]
[SourceVersionDate "2024.10.14"]
[SourceQuality "1"]

1. Nf3 f5 2. g3 Nf6 3. Bg2 g6 4. 0-0 Bg7 5. d4 0-0 6. c4 d6 7. Nc3 Qe8 8. d5 a5 9. Nd4 Na6 10. Re1 Nc5 11. Rb1 a4 12. b4 axb3 13. axb3 e5 14. dxe6 c6 15. b4 Nxe6 16. b5 Nxd4 17. Qxd4 Ne4 18. Qd3 Nxc3 19. Rb3 Ne4 20. Bf4 Nc5 21. Qe4 fxe4 0-1

[Event "Titled Tuesday intern op 25th Jun Early"]
[Site "Chess.com INT"]
[Date "2024.06.25"]
[Round "2"]
[White "Georg, Heinz"]
[Black "Medina Paz, Miguel"]
[Result "1-0"]
[WhiteElo "2050"]
[BlackElo "2368"]
[PlyCount "53"]
[EventDate "2024.06.25"]
[EventType "swiss (blitz)"]
[EventRounds "11"]
[EventCountry "USA"]
[SourceTitle "EXT 2025"]
[Source "ChessBase"]
[SourceDate "2024.10.14"]
[SourceVersion "1"]
[SourceVersionDate "2024.10.14"]
[SourceQuality "1"]

1. e4 e6 2. c4 c5 3. Nc3 Nc6 4. f4 g6 5. Nf3 Bg7 6. d3 Nge7 7. Be3 b6 8. d4 cxd4 9. Nxd4 0-0 10. Be2 f5 11. e5 Bb7 12. Ndb5 a6 13. Nd6 Rb8 14. 0-0 Ba8 15. Rc1 Nc8 16. b3 Nxd6 17. Qxd6 Qe7 18. Rfd1 Qxd6 19. Rxd6 Rfd8 20. Rcd1 Nxe5 21. fxe5 Bxe5 22. R6d3 f4 23. Bd4 Bc7 24. Bf3 Bxf3 25. gxf3 e5 26. Bf2 d6 27. Nd5 1-0

[Event "Titled Tuesday intern op 04th Jun Late"]
[Site "Chess.com INT"]
[Date "2024.06.04"]
[Round "8"]
[White "Georg, Heinz"]
[Black "Dilmukhametov, Artur"]
[Result "1-0"]
[WhiteElo "2050"]
[BlackElo "2276"]
[PlyCount "53"]
[EventDate "2024.06.04"]
[EventType "swiss (blitz)"]
[EventRounds "11"]
[EventCountry "USA"]
[SourceTitle "EXT 2025"]
[Source "ChessBase"]
[SourceDate "2024.10.14"]
[SourceVersion "1"]
[SourceVersionDate "2024.10.14"]
[SourceQuality "1"]

1. c4 Nf6 2. Nc3 e6 3. e4 d5 4. e5 Nfd7 5. cxd5 exd5 6. d4 c6 7. Nf3 Nb6 8. Bd3 Bb4 9. h4 Bg4 10. h5 h6 11. a3 Be7 12. Bf4 Bg5 13. Qd2 Bxf4 14. Qxf4 Bxf3 15. Qxf3 Qg5 16. Rh3 N8d7 17. Rg3 Qh4 18. 0-0-0 Qxd4 19. e6 Nf6 20. exf7+ Kd8 21. Rxg7 Qe5 22. Rg6 Nbd7 23. Bf5 Kc7 24. Bxd7 Nxd7 25. Rd2 Qe7 26. Qf4+ Qd6 27. Rxd6 1-0

[Event "Titled Tuesday intern op 04th Jun Late"]
[Site "Chess.com INT"]
[Date "2024.06.04"]
[Round "1"]
[White "Georg, Heinz"]
[Black "Wadsworth, Matthew J"]
[Result "1-0"]
[WhiteElo "2050"]
[BlackElo "2467"]
[PlyCount "67"]
[EventDate "2024.06.04"]
[EventType "swiss (blitz)"]
[EventRounds "11"]
[EventCountry "USA"]
[SourceTitle "EXT 2025"]
[Source "ChessBase"]
[SourceDate "2024.10.14"]
[SourceVersion "1"]
[SourceVersionDate "2024.10.14"]
[SourceQuality "1"]

1. c4 c6 2. Nf3 d5 3. g3 Nf6 4. Bg2 g6 5. 0-0 Bg7 6. d3 0-0 7. Nbd2 a5 8. Rb1 Na6 9. a3 Nc5 10. b4 axb4 11. axb4 Na4 12. Qb3 dxc4 13. Nxc4 Nd5 14. Bd2 Nac3 15. Rbe1 Nb5 16. e4 Ra3 17. Qc2 Nb6 18. Nxa3 Nxa3 19. Qb3 Nb5 20. Be3 Be6 21. Qc2 Qc7 22. Rc1 Ra8 23. d4 Ra2 24. Qc5 Qd8 25. d5 Na4 26. Qc4 Bxd5 27. exd5 Nbc3 28. dxc6 bxc6 29. Rfe1 Nb2 30. Qb3 Nd3 31. Rxc3 Nxe1 32. Nxe1 Ra1 33. Rc1 Rxc1 34. Bxc1 1-0

[Event "Titled Tuesday intern op 04th Jun Late"]
[Site "Chess.com INT"]
[Date "2024.06.04"]
[Round "9"]
[White "Meza Astrada, Agustin"]
[Black "Georg, Heinz"]
[Result "1-0"]
[WhiteElo "2018"]
[BlackElo "2050"]
[PlyCount "91"]
[EventDate "2024.06.04"]
[EventType "swiss (blitz)"]
[EventRounds "11"]
[EventCountry "USA"]
[SourceTitle "EXT 2025"]
[Source "ChessBase"]
[SourceDate "2024.10.14"]
[SourceVersion "1"]
[SourceVersionDate "2024.10.14"]
[SourceQuality "1"]

1. e4 e6 2. d4 d5 3. exd5 exd5 4. c4 Nf6 5. Nf3 Bb4+ 6. Bd2 Bxd2+ 7. Nbxd2 0-0 8. Be2 dxc4 9. Nxc4 Be6 10. Ne3 c6 11. 0-0 Nbd7 12. Qc2 Nb6 13. Rad1 Nbd5 14. Nxd5 Bxd5 15. Rfe1 Re8 16. Ne5 Qc8 17. Bf3 Bxf3 18. Nxf3 Nd5 19. h3 Qc7 20. Re4 Rxe4 21. Qxe4 Nf6 22. Qf5 Rd8 23. Re1 Qd7 24. Qf4 h6 25. a3 Qd6 26. Re5 Nd5 27. Qe4 Nf6 28. Qf5 Qd7 29. Qf4 Qc7 30. Nh4 Rd5 31. Nf5 Rxe5 32. dxe5 Ne8 33. Qg4 Kf8 34. Qb4+ c5 35. Qe4 b5 36. Ne3 c4 37. Qd5 a6 38. Nf5 Qc8 39. Nd4 Kg8 40. Nc6 Nc7 41. Qd6 Kh7 42. Ne7 Qb7 43. Qd7 Qb6 44. Qf5+ g6 45. Qxf7+ Kh8 46. Qg8# 1-0

[Event "Titled Tuesday intern op 21st May Early"]
[Site "Chess.com INT"]
[Date "2024.05.21"]
[Round "1"]
[White "Georg, Heinz"]
[Black "Domin, Yan"]
[Result "0-1"]
[WhiteElo "2050"]
[BlackElo "2088"]
[PlyCount "54"]
[EventDate "2024.05.21"]
[EventType "swiss (blitz)"]
[EventRounds "11"]
[EventCountry "USA"]
[SourceTitle "CBM 220 Extra"]
[Source "ChessBase"]
[SourceDate "2024.07.31"]
[SourceVersion "1"]
[SourceVersionDate "2024.07.31"]
[SourceQuality "1"]

1. e4 c5 2. Nf3 Nc6 3. Bb5 Nf6 4. e5 Nd5 5. 0-0 Nc7 6. a4 g6 7. c3 Bg7 8. d4 cxd4 9. cxd4 0-0 10. Nc3 d6 11. Bxc6 bxc6 12. Bf4 Bg4 13. h3 Bxf3 14. Qxf3 Ne6 15. Rfd1 d5 16. Bg3 Rb8 17. Rd2 Rb4 18. Rad1 Qb6 19. Qe3 Rb8 20. f4 Rxb2 21. f5 Rxd2 22. Rxd2 gxf5 23. Ne2 Qb3 24. Qf2 Qb1+ 25. Kh2 Rb3 26. Rc2 Qxc2 27. Qe1 Rb2 0-1